000 00305nam a22001337a 4500
008 210301b ||||| |||| 00| 0 eng d
020 _a9780534394653
041 _aeng
080 _23th
_a579
100 _a11
101 _aMIK
245 _aIntroduction to Microbiology
_cIngraham,L.J
942 _2udc
_cBK
999 _c55399
_d55399